Biotechnology in rejuvenation: Hope for the micropropagation of difficult woody plants (Record no. 54832)

MARC details
000 -LEADER
fixed length control field 00376nam a2200133Ia 4500
100 ## - MAIN ENTRY--AUTHOR NAME
Personal name Franclet A
245 #0 - TITLE STATEMENT
Title Biotechnology in rejuvenation: Hope for the micropropagation of difficult woody plants
260 ## - PUBLICATION, DISTRIBUTION, ETC. (IMPRINT)
Name of publisher Acta Horticulturae
Year of publication 1991
300 ## - PHYSICAL DESCRIPTION
Number of Pages 273-282
500 ## - GENERAL NOTE
General note Source Year: 1993
856 ## - ELECTRONIC LOCATION AND ACCESS
Uniform Resource Identifier HOA
942 ## - ADDED ENTRY ELEMENTS (KOHA)
Koha item type Journals
Holdings
Withdrawn status Lost status Damaged status Not for loan Home library Current library Shelving location Date acquired Serial Enumeration / chronology Koha item type
      Journals RRII Library RRII Library Biotechnology 17/12/2021 Volume, Issue 289 Journals